| 000 | 02335nam2a2200301 4500 | ||
|---|---|---|---|
| 001 | RU\NLR\BIBL_A\022183504 | ||
| 005 | 20240418114345.0 | ||
| 010 | _a978-5904787-99-8 | ||
| 021 |
_aRU _bКН-П-24-010228 _9КН-П-24-1056 |
||
| 035 | _a(NLR Aleph) 022183504 | ||
| 090 |
_a12989975 _c12989975 |
||
| 100 | _a20240329d2019 u y0rusy50 ca | ||
| 101 | 0 | _arus | |
| 102 | _aRU | ||
| 105 | _aa|||j|||000yy | ||
| 200 | 1 |
_aАтомно-абсорбционный метод анализа _fПчелинцева Н. Ф., Макарова М. А. _g... Кафедра геохимии |
|
| 210 | _d2023 | ||
| 215 |
_a77 с. _cил., цв. ил., табл. |
||
| 320 | _aБиблиогр.: с. 69-70 (27 назв.) | ||
| 461 | 0 |
_1001RU\NLR\BIBL_A\012093235 _12001#$aМетоды геохимических исследований$eучебное пособие$e[для студентов-геохимиков и экологов 3-го курса Геологического факультета МГУ]$fНиколаева И.Ю., Фяйзуллина Р.В., Бычкова Я.В. [и др.]$gМосковский государственный университет имени М.В. Ломоносова, Геологический факультет$vЧ. 3 _911865314 _cМосква _d2019 _fНиколаева И.Ю., Фяйзуллина Р.В., Бычкова Я.В. [и др.] _nКнига-Мемуар _oучебное пособие : [для студентов-геохимиков и экологов 3-го курса Геологического факультета МГУ] _tМетоды геохимических исследований _vЧ. 3 |
|
| 606 | 1 |
_aГеохимические исследования _jУчебные издания для высших учебных заведений _xАтомно-абсорбционные методы _92587133 _3RU\NLR\AUTH\6601739205 |
|
| 686 | 1 | _aД31в734.5я73 | |
| 701 | 1 |
_aПчелинцева _bН. Ф. _gНина Федоровна |
|
| 701 | 1 |
_aМакарова _bМ. А. _cгеолог, геохимия _gМарина Александровна _9267172 _3RU\NLR\AUTH\770267228 |
|
| 942 | _cBOOK | ||
| 980 | _aNB | ||